| 000 | 01031 a2200205 4500 | ||
|---|---|---|---|
| 003 | Nust | ||
| 005 | 20230120124908.0 | ||
| 010 | _a 76057693 | ||
| 020 | _a0070175918 | ||
| 040 | _cNust | ||
| 082 | 0 | 0 | _a371.3078,DON |
| 100 | 1 |
_aDonovan, John J. _921567 |
|
| 245 | 1 | 0 |
_aSoftware projects : _bpedagogical aids for software education and research / _cJohn J. Donovan, Stuart E. Madnick. |
| 260 |
_aNew York : _bMcGraw-Hill, _cc1977. |
||
| 300 |
_a509 p. ; _c25 cm. |
||
| 505 | _aIntroduction (Page-1) Machine architecture (Page-4) Operating Systems (Page-9) Complex High Level Language Program (Page-11) Operational and Economic Considerations (Page-13), Assembly Language Problems (Page-16), Installing and running the sample graders (Page-53), Internals of the grader systems (Page-75), subroutine description (Page-89), Machine problems (Page-129), Simulator (Page-263), Sample operating sys (Page-444). | ||
| 650 | 0 |
_aEducational technology. _94153 |
|
| 700 | 1 |
_aMadnick, Stuart E., _950735 |
|
| 942 |
_2ddc _cBK _k371.3078,DON |
||
| 999 |
_c185891 _d185891 |
||